AP Chem Compounds - Statistics

General Stats
  • This quiz has been taken 9 times
  • The average score is 3 of 8
Answer Stats
Name Formula % Correct
Rust Fe2O3
86%
Acetic Acid HC2H3O2
71%
Ehtanol C2H6O
43%
Methanol CH4O
43%
Baking Soda NaHCO3
43%
Hydrazine N2H4
14%
Bleach NaOCl
0%
Lye NaOH
0%
No matching quizzes found
Score Distribution
Percent of People with Each Score
Percentile by Number Answered
Your Score History
You have not taken this quiz